[Event "Budapest Art Pub Cup 4th"]
[Site "Budapest"]
[Date "2014.04.18"]
[Round "3"]
[White "Bartuszek, Andras"]
[Black "Hegedus, Dominik"]
[Result "1-0"]
[WhiteElo "1925"]
[BlackElo "1676"]
[PlyCount "45"]
[EventDate "2014.04.16"]
[EventType "swiss"]
[EventRounds "7"]
[EventCountry "HUN"]
[SourceTitle "EXT 2015"]
[Source "ChessBase"]
[SourceDate "2014.11.20"]
[SourceVersion "1"]
[SourceVersionDate "2014.11.20"]
[SourceQuality "1"]

1. e4 d6 2. d4 Nf6 3. Nc3 g6 4. Bg5 Bg7 5. Qd2 Nbd7 6. 0-0-0 0-0 7. Bh6 a6 8. h4 b5 9. Bxg7 Kxg7 10. e5 Ne8 11. h5 Rh8 12. hxg6 hxg6 13. Rxh8 Kxh8 14. Qh6+ Kg8 15. Nf3 Nf8 16. Bd3 Ng7 17. Rh1 Nh5 18. Rxh5 gxh5 19. Ng5 Be6 20. d5 f6 21. Nxe6 Nxe6 22. dxe6 Qe8 23. Qh7+ 1-0

[Event "Budapest Art Pub Cup 4th"]
[Site "Budapest"]
[Date "2014.04.18"]
[Round "2"]
[White "Hegedus, Dominik"]
[Black "Karacsonyi, Kata"]
[Result "1-0"]
[WhiteElo "1676"]
[BlackElo "1429"]
[PlyCount "35"]
[EventDate "2014.04.16"]
[EventType "swiss"]
[EventRounds "7"]
[EventCountry "HUN"]
[SourceTitle "EXT 2015"]
[Source "ChessBase"]
[SourceDate "2014.11.20"]
[SourceVersion "1"]
[SourceVersionDate "2014.11.20"]
[SourceQuality "1"]

1. d4 Nf6 2. Nf3 d5 3. Bf4 e6 4. c3 c5 5. e3 Nc6 6. Nbd2 Be7 7. Bd3 0-0 8. h3 b6 9. 0-0 Bb7 10. Ne5 Rc8 11. Nxc6 Bxc6 12. Nf3 Bb7 13. Bb1 Re8 14. Qc2 h6 15. Ne5 Ne4 16. f3 Nd6 17. Qh7+ Kf8 18. Qh8# 1-0

[Event "Budapest Art Pub Cup 4th"]
[Site "Budapest"]
[Date "2014.04.17"]
[Round "1"]
[White "Orosz, Andras"]
[Black "Hegedus, Dominik"]
[Result "1-0"]
[WhiteElo "2199"]
[BlackElo "1676"]
[PlyCount "105"]
[EventDate "2014.04.16"]
[EventType "swiss"]
[EventRounds "7"]
[EventCountry "HUN"]
[SourceTitle "EXT 2015"]
[Source "ChessBase"]
[SourceDate "2014.11.20"]
[SourceVersion "1"]
[SourceVersionDate "2014.11.20"]
[SourceQuality "1"]

1. e4 d6 2. d4 Nf6 3. Nc3 g6 4. g3 Nbd7 5. Bg2 e5 6. Nge2 Bg7 7. 0-0 0-0 8. h3 b6 9. f4 Bb7 10. fxe5 dxe5 11. d5 Ne8 12. Be3 Nd6 13. b3 f5 14. Qd2 fxe4 15. Rad1 Nf5 16. Nxe4 Nxe3 17. Qxe3 Nf6 18. c4 Nxe4 19. Bxe4 Qd7 20. Kh2 Rxf1 21. Rxf1 Rf8 22. Rxf8+ Bxf8 23. Bf3 Qf7 24. Bg4 Bc5 25. Qe4 Qf2+ 26. Qg2 Qxg2+ 27. Kxg2 c6 28. Bf3 cxd5 29. Bxd5+ Bxd5+ 30. cxd5 Kf7 31. Kf3 Kf6 32. Nc3 Bb4 33. Ne4+ Ke7 34. Ke2 b5 35. Kd3 a6 36. g4 h6 37. Ng3 Be1 38. Ne2 Kd6 39. Ke4 Bh4 40. Nc1 Bf6 41. Nd3 Bg7 42. b4 Bf6 43. Nc5 a5 44. Nb7+ Kc7 45. Nxa5 Kd6 46. Nb7+ Kc7 47. Nc5 Kd6 48. a4 bxa4 49. Nxa4 Bd8 50. Nb2 Bf6 51. Nc4+ Kd7 52. Nxe5+ Bxe5 53. Kxe5 1-0

[Event "Budapest Art Pub Cup 3rd"]
[Site "Budapest"]
[Date "2014.01.04"]
[Round "5"]
[White "Hegedus, Dominik"]
[Black "Cvetanovic, Damjan"]
[Result "1/2-1/2"]
[WhiteElo "1650"]
[BlackElo "1979"]
[PlyCount "65"]
[EventDate "2014.01.02"]
[EventType "swiss"]
[EventRounds "7"]
[EventCountry "HUN"]
[SourceTitle "CBM 158 Extra"]
[Source "ChessBase"]
[SourceDate "2014.02.28"]
[SourceVersion "1"]
[SourceVersionDate "2014.02.28"]
[SourceQuality "1"]

1. Nf3 d5 2. g3 c5 3. Bg2 g6 4. 0-0 Bg7 5. d3 Nf6 6. Nbd2 0-0 7. e4 e6 8. Ne1 Nc6 9. f4 a6 10. e5 Nd7 11. a4 Rb8 12. Nef3 b5 13. axb5 axb5 14. c4 Qb6 15. b3 Nb4 16. Qe2 Bb7 17. Ba3 Nc2 18. Ra2 Ra8 19. Rxc2 Rxa3 20. Kh1 Nb8 21. Rfc1 Na6 22. cxb5 Qxb5 23. Bf1 d4 24. Bg2 Rc8 25. Nc4 Rxb3 26. Nd6 Qxd3 27. Qxd3 Rxd3 28. Nxb7 Bf8 29. Bf1 Rxf3 30. Bxa6 Rc6 31. Be2 Re3 32. Bf1 d3 33. Rd2 1/2-1/2

[Event "Budapest Art Pub Cup 3rd"]
[Site "Budapest"]
[Date "2014.01.03"]
[Round "3"]
[White "Hegedus, Dominik"]
[Black "Terbe, Julianna"]
[Result "0-1"]
[WhiteElo "1650"]
[BlackElo "2040"]
[PlyCount "78"]
[EventDate "2014.01.02"]
[EventType "swiss"]
[EventRounds "7"]
[EventCountry "HUN"]
[SourceTitle "CBM 158 Extra"]
[Source "ChessBase"]
[SourceDate "2014.02.28"]
[SourceVersion "1"]
[SourceVersionDate "2014.02.28"]
[SourceQuality "1"]

1. e4 c5 2. Nf3 Nc6 3. d4 cxd4 4. Nxd4 Qb6 5. Nxc6 bxc6 6. Nc3 e5 7. Bc4 Nf6 8. 0-0 Bb4 9. Be3 Qc7 10. Qd3 0-0 11. f3 Bb7 12. a3 Be7 13. Rfd1 Rfd8 14. Bb3 d5 15. exd5 cxd5 16. Bf2 Bc5 17. Qe2 Bxf2+ 18. Qxf2 d4 19. Ne2 a5 20. Ng3 a4 21. Ba2 Nd5 22. Bxd5 Bxd5 23. Ne4 Qb7 24. c3 Bxe4 25. fxe4 Qxe4 26. Re1 Qd5 27. cxd4 exd4 28. Re7 d3 29. Rd1 Rd7 30. Rxd7 Qxd7 31. Qf3 Rd8 32. Qe4 d2 33. Qe3 g6 34. Kf2 Qf5+ 35. Qf3 Qc5+ 36. Qe3 Qc2 37. Qe2 Qxb2 38. h3 Qxa3 39. Rxd2 Qc5+ 0-1